[Event "AUT-ch Vor4 Internet"]
[Site "Playchess.com INT"]
[Date "2020.04.25"]
[Round "1"]
[White "Heinemann, Stephan"]
[Black "Kucharski, Michael"]
[Result "0-1"]
[WhiteElo "1664"]
[BlackElo "1927"]
[PlyCount "76"]
[EventDate "2020.04.25"]
[EventType "swiss (blitz)"]
[EventRounds "9"]
[EventCountry "AUT"]
[SourceTitle "EXT 2021"]
[Source "ChessBase"]
[SourceDate "2020.10.23"]
[SourceVersion "1"]
[SourceVersionDate "2020.10.23"]
[SourceQuality "1"]

1. e4 c6 2. d4 d5 3. Nc3 dxe4 4. Nxe4 Bf5 5. Ng3 Bg6 6. h4 h6 7. h5 Bh7 8. Nf3 Nd7 9. Bd3 Bxd3 10. Qxd3 e6 11. Bd2 Qc7 12. 0-0-0 Be7 13. Kb1 Ngf6 14. Ne4 Nxe4 15. Qxe4 Nf6 16. Qe2 0-0 17. g4 c5 18. dxc5 Qxc5 19. Rdg1 Rac8 20. Be3 Qa5 21. g5 hxg5 22. h6 g6 23. Bxg5 Qc7 24. Ne5 Nh7 25. Nf3 Bxg5 26. Nxg5 Nxg5 27. Rxg5 Kh7 28. Qd3 Qc4 29. Qe2 Qxe2 30. Rc1 Kxh6 31. f4 Kg7 32. Re5 Qf2 33. f5 gxf5 34. Ree1 Kf6 35. a3 Qb6 36. Rh1 Rh8 37. Rhd1 Rh2 38. Rd7 Qc6 0-1

[Event "AUT-ch Vor4 Internet"]
[Site "Playchess.com INT"]
[Date "2020.04.25"]
[Round "2"]
[White "Hessenberger, Andreas"]
[Black "Heinemann, Stephan"]
[Result "1-0"]
[WhiteElo "2019"]
[BlackElo "1664"]
[PlyCount "41"]
[EventDate "2020.04.25"]
[EventType "swiss (blitz)"]
[EventRounds "9"]
[EventCountry "AUT"]
[SourceTitle "EXT 2021"]
[Source "ChessBase"]
[SourceDate "2020.10.23"]
[SourceVersion "1"]
[SourceVersionDate "2020.10.23"]
[SourceQuality "1"]

1. e4 d5 2. exd5 Nf6 3. d4 Bg4 4. f3 Bf5 5. c4 e6 6. dxe6 Qe7 7. Bd3 fxe6 8. Ne2 Nc6 9. 0-0 0-0-0 10. Be3 g6 11. Nbc3 Bg7 12. g4 Bxd3 13. Qxd3 e5 14. d5 h5 15. g5 Nh7 16. h4 Rhf8 17. Qxg6 Bh8 18. dxc6 b6 19. Nd5 Rxd5 20. cxd5 e4 21. fxe4 1-0

[Event "AUT-ch Vor4 Internet"]
[Site "Playchess.com INT"]
[Date "2020.04.25"]
[Round "6"]
[White "Strasser, Josef1111"]
[Black "Heinemann, Stephan"]
[Result "0-1"]
[WhiteElo "1829"]
[BlackElo "1664"]
[PlyCount "96"]
[EventDate "2020.04.25"]
[EventType "swiss (blitz)"]
[EventRounds "9"]
[EventCountry "AUT"]
[SourceTitle "EXT 2021"]
[Source "ChessBase"]
[SourceDate "2020.10.23"]
[SourceVersion "1"]
[SourceVersionDate "2020.10.23"]
[SourceQuality "1"]

1. d4 d5 2. c3 Nc6 3. Bg5 h6 4. Bh4 g5 5. Bg3 Bg7 6. Nf3 Bg4 7. e3 e5 8. dxe5 Bxf3 9. Qxf3 Nxe5 10. Qd1 Ne7 11. Be2 0-0 12. h3 f5 13. Nd2 N7g6 14. 0-0 f4 15. exf4 Nxf4 16. Bxf4 gxf4 17. Nf3 c6 18. Qc2 Qf6 19. Rad1 Rae8 20. Rfe1 Qg6 21. Qd2 Nxf3+ 22. Bxf3 Rxe1+ 23. Rxe1 Qf5 24. b3 Bf6 25. Bg4 Qg6 26. c4 h5 27. Bf3 d4 28. Re6 Qf5 29. Re1 Kh8 30. Be4 Qg5 31. f3 Rg8 32. Re2 a5 33. a3 Qg3 34. Kh1 h4 35. Bf5 Qg5 36. Bg4 Qg6 37. Kh2 Qb1 38. Qd3 Qxd3 39. Re6 Rf8 40. Rd6 Qxb3 41. Rd7 d3 42. Bf5 Bg7 43. Rxd3 Qxc4 44. Rd7 Qc1 45. Bg4 Qe1 46. Rxb7 Re8 47. Bf5 Qg3+ 48. Kg1 Re1# 0-1

[Event "AUT-ch Vor3 Internet"]
[Site "Playchess.com INT"]
[Date "2020.04.17"]
[Round "4"]
[White "Heinemann, Stephan"]
[Black "Moerzinger, Christian Jr"]
[Result "0-1"]
[WhiteElo "1664"]
[BlackElo "1638"]
[PlyCount "50"]
[EventDate "2020.04.17"]
[EventType "swiss (blitz)"]
[EventRounds "9"]
[EventCountry "AUT"]
[SourceTitle "CBM 195 Extra"]
[Source "ChessBase"]
[SourceDate "2020.05.31"]
[SourceVersion "1"]
[SourceVersionDate "2020.05.31"]
[SourceQuality "1"]

1. e4 e5 2. Nf3 Nc6 3. d4 exd4 4. c3 dxc3 5. Nxc3 Bb4 6. Bc4 Bxc3+ 7. bxc3 Nge7 8. 0-0 0-0 9. e5 Na5 10. Bd3 Nd5 11. Qc2 g6 12. Bh6 Re8 13. h4 d6 14. exd6 Qxd6 15. h5 Bg4 16. hxg6 hxg6 17. Ng5 Nf4 18. Be4 Ne2+ 19. Kh1 Qf6 20. Rae1 Qh8 21. Rxe2 Qxh6+ 22. Nh3 Bxe2 23. Qxe2 Nc6 24. g3 Rad8 25. Kg2 Qg7 0-1